Como enseñar a redactar /ernesto camilli

Guardado en:
Autor Principal: Camilli, Ernesto
Formato: Libro
Publicado: Buenos Aires : Huemul, 1978
Edición:7a. ed.
Materias:
Etiquetas: Agregar Etiqueta
Sin Etiquetas, Sea el primero en etiquetar este registro!
LEADER 00730nam a22002175a 4500
001 CEM.cems001365
005 20060214000000.0
008 130507s1978##################000#0#####d
003 CEMS
082 0 4 |a 468.2 
100 1 |a Camilli, Ernesto 
245 1 0 |a Como enseñar a redactar /ernesto camilli 
250 |a 7a. ed. 
260 |a Buenos Aires :  |b Huemul,  |c 1978 
300 |a 122 p. 
653 |a Lengua 
653 |a Redaccion-enseñanza 
859 |a CEMS  |b BIB. CEMS - 11 de abril  |h 468.2  |i C146-2a7  |p 7247.79  |t Ej.1 
859 |a CEMS  |b BIB. CEMS - 11 de abril  |h 468.2  |i C146-2a7  |p 7248.79  |t Ej.2 
859 |a CEMS  |b BIB. CEMS - 11 de abril  |h 468.2  |i C146-2a7  |p 7279.80  |t Ej.3 
859 |a CEMS  |b BIB. CEMS - 11 de abril  |h 468.2  |i C146-2a7  |p 7291.80  |t Ej.4